Toutes les musiques des Twenty One Pilots - Statistiques

Statistiques générales
  • Ce quiz a été pris 102 fois
  • Le résultat moyen est 31 sur 65
Statistiques - réponses
Twenty One Pilots % Correct
Ride
88%
Stressed Out
84%
Heavydirtysoul
75%
Jumpsuit
70%
The Judge
68%
Car Radio
67%
Nico and the Ninners
67%
Chlorine
65%
Hometown
64%
Saturday
64%
Doubt
62%
Goner
62%
Trees
61%
House of Gold
58%
Mulberry Street
58%
Redecorate
57%
Bandito
55%
Holding on to You
55%
Lane Boy
55%
Message Man
55%
Polarize
55%
Tear in my Heart
55%
Good Day
54%
Levitate
54%
Migraine
54%
Shy Away
54%
Guns for Hands
52%
Morph
52%
Truce
52%
Legend
51%
My Blood
51%
Ode to Sleep
51%
Fairly Local
49%
Leave the City
49%
Pet Cheetah
49%
We Don't Believe What's on Tv
49%
No Chances
46%
The Hype
46%
The Outside
46%
Choker
45%
Semi-Automatic
45%
Not Today
43%
Fake You Out
42%
Neon Gravestones
42%
Smithereens
42%
The Pantaloon
42%
Bounce Man
41%
Cut My Lip
41%
Screen
41%
Formidable
39%
Addict With a Pen
38%
Trapdoor
36%
Fall Away
35%
Isle of Flightless Birds
35%
Never Take It
35%
A Car, A Torch, A Death
30%
Friend, Please
28%
Johnny Boy
28%
Taxicab
28%
The Run and Go
28%
March to The Sea
22%
Oh Ms Believer
20%
Before You Start Your Day
16%
Implicit Demand For a Proof
9%
Ait Catcher
4%
Aucun quiz correspondant
Distribution des résultats
% des personnes avec chaque résultat
Percentile par nombre de réponses
Votre historique - résultats
Vous n’avez pas pris ce quiz